| Tag |
First Indicator |
Second Indicator |
Subfields |
| LEADER |
00000cam a2200000 a 4500 |
| 001 |
in00000855439 |
| 005 |
20151019071708.0 |
| 008 |
851001s1985 dcuk c f00000 eng d |
| 010 |
|
|
|a gp 86000215
|
| 035 |
|
|
|a (OCoLC)12625068
|
| 035 |
|
|
|9 AED6540AM
|
| 040 |
|
|
|a GPO
|c GPO
|d UtOrBLW
|
| 043 |
|
|
|a n-us---
|
| 074 |
|
|
|a 322-A
|
| 086 |
0 |
|
|a D 101.16:5420-97-CL-E 40-HR
|
| 245 |
0 |
0 |
|a Hand receipt catalog covering content of :
|b sets, kits, and outfits components list for bridge erection set, fixed bridge, highway, Pony truss, widened roadway, Bailey type, for cable reinforcement, (NSN 5420-00-530-3785), (LIN C22058).
|
| 264 |
|
1 |
|a [Washington, D.C.] :
|b Headquarters, Dept. of the Army,
|c 1985.
|
| 300 |
|
|
|a 6 unnumbered pages :
|b forms ;
|c 28 cm.
|
| 336 |
|
|
|a text
|b txt
|2 rdacontent
|
| 337 |
|
|
|a unmediated
|b n
|2 rdamedia
|
| 338 |
|
|
|a volume
|b nc
|2 rdacarrier
|
| 490 |
1 |
|
|a Department of the Army supply catalog ;
|v SC 5420-97-CL-E40-HR
|
| 500 |
|
|
|a "This catalog supersedes SC 5420-97-CL-E40-HR dated 10 Jun 1980"--P. I.
|
| 500 |
|
|
|a "July 1985."
|
| 610 |
1 |
0 |
|a United States.
|b Army
|x Equipment.
|
| 650 |
|
0 |
|a Bridges
|x Equipment and supplies
|x Catalogs.
|
| 710 |
1 |
|
|a United States.
|b Department of the Army.
|
| 740 |
0 |
|
|a Sets, kits, and outfits components list for bridge erection set, fixed bridge ...
|
| 740 |
0 |
|
|a Bridge erection set, fixed bridge ...
|
| 810 |
1 |
|
|a United States.
|b Department of the Army.
|t Department of the Army supply catalog ;
|v SC 5420-97-CL-E 40-HR.
|
| 999 |
|
|
|a MARS
|
| 999 |
f |
f |
|s 3d2ddee2-aa6d-38ce-90c9-8f8dd6052c14
|i c0a6b2d8-f20c-35d8-bd98-61e421734d6b
|t 0
|
| 952 |
f |
f |
|p normal
|a Texas A&M University
|b College Station
|c Sterling C. Evans Library
|d Evans: US Documents (Annex 5th floor)
|t 0
|e D 101.16: 5420-97-CL- E 40-HR
|h Superintendent of Documents classification
|i unmediated -- volume
|m A14815944436
|
| 998 |
f |
f |
|a D 101.16: 5420-97-CL- E 40-HR
|t 0
|l Evans: US Documents (Annex 5th floor)
|